|
|
|
|
| LEADER |
00000cam a2200000 7i4500 |
| 001 |
0000001272 |
| 005 |
20140402.0 |
| 020 |
0 |
0 |
|a 9251007705
|
| 090 |
0 |
0 |
|a FAO338.4767400951
|b CHI 1979
|
| 245 |
0 |
0 |
|a CHINA : integrated wood processing industries :
|b Report on an FAO/UNDP study tour to the People's Republic of China, 20 August-17 September 1978
|
| 260 |
0 |
0 |
|a Rome :
|b Food and Agriculture Organization of the United Nations ,
|c 1979
|
| 300 |
|
|
|a x, 69 p. :
|b ill. ;
|c 28 cm.
|
| 440 |
0 |
0 |
|a FAO forestry paper ; 16
|
| 500 |
0 |
0 |
|a Bibliography : [p. 69]
|
| 650 |
0 |
0 |
|a Forest products industry
|z China
|
| 710 |
1 |
1 |
|a Food and Agriculture Organization of the United Nations (FAO)
|
| 998 |
|
|
|a JPSM
|
| 999 |
|
|
|a 0000002194
|b Monograph
|c Food and Agriculture Organization
|e Default branch
|